000 00681nam a2200181Ia 4500
008 100920s9999 xx 000 0 und d
082 _b91002
_a28 व 891 थ 81
100 _aपाठकशास्त्री दामोदर प्रल्हाद.
245 _aगंगालहरी.
260 _bवोरा ऍण्ड कंपनी पब्लिशर्स प्रा. लि., मंुबई 2.
_c1981
300 _a32
_bसाधी
365 _b0
520 _aबा.वि.लघुकथा.
630 _aगंगालहरी.
650 _aबा.वि.लघुकथा.
730 _aगंगालहरी.
942 _cBOOK
999 _c731481
_d731478